| 000 | 00763nam a2200181Ia 4500 | ||
|---|---|---|---|
| 003 | GCL | ||
| 008 | 140319s9999 xx 000 0 ara d | ||
| 040 |
_aGCL / _cGCL |
||
| 082 | 0 | 4 |
_a210.92 _bأ ك |
| 100 | 1 | _aالذهبى : شمس الدين ابوعبدالله محمد بن احمد بن عثمان التركمانى الفارقى | |
| 245 | 1 | 0 |
_aكتاب تذكرة الحفاظ / _cالذهبى : شمس الدين ابوعبدالله محمد بن احمد بن عثمان التركمانى الفارقى |
| 260 |
_aبيروت : _bدار الكتب العلمية للنشر والتوزيع |
||
| 300 |
_a412 ص ؛ _c24سم |
||
| 490 | _a | ||
| 650 | 0 | 4 | _aالتراجم الذاتية |
| 650 | 0 | 4 | _aالاسلام - تراجم |
| 942 |
_2ddc _cBK |
||
| 999 |
_c52791 _d52791 |
||